| 000 | 00948nam a2200241 a 4500 | ||
|---|---|---|---|
| 001 | 48379 | ||
| 003 | BD-RjUL | ||
| 005 | 20211209054519.0 | ||
| 008 | 160813s2009 bg |||| b||| 000 0 ben d | ||
| 020 |
_a9840747673 _c: Tk. 120.00 |
||
| 035 | _a(BD-RjUL)48498 | ||
| 040 |
_aBD-RjUL _bben _cBD-RjUL _dBD-RjUL |
||
| 041 | _aben | ||
| 082 |
_223 _a891.443 _bGIK 2009 |
||
| 100 | 1 |
_aজিবরান, শোয়াইব _9146405 |
|
| 245 | 1 | 0 |
_aকমলকুমার মজুমদারের উপন্যাসের করণকৌশল / _cশোয়াইব জিবরান |
| 260 |
_aঢাকা : _bবাংলা একাডেমী, _c২০০৯ [১৪১৬] |
||
| 300 |
_a[১০] ২১২ পৃ. ; _c২১ সেমি. |
||
| 504 | _aগ্রন্থপঞ্জি সংযুক্ত | ||
| 650 |
_aবাংলা উপন্যাস _9146406 |
||
| 650 |
_aBengali fiction _9146407 |
||
| 942 |
_2ddc _cBK |
||
| 999 |
_c48379 _d48379 |
||